Statystyki dla Kadra Maroka na mundial 2022

Kliknij tutaj aby rozwiązać quiz!

Ogólne statystyki

  • Ten quiz został rozwiązany 42 razy
  • Średni wynik to 7 z 26

Statystyki odpowiedzi

PozycjaZawodnik% Poprawnych
ObrońcaAchraf Hakimi
89%
NapastnikHakim Ziyech
79%
PomocnikSofyan Amrabat
79%
BramkarzYassine Bounou
79%
ObrońcaNayef Aguerd
53%
ObrońcaNoussair Mazraoui
47%
ObrońcaRomain Saiss
42%
NapastnikSoufiane Boufal
42%
NapastnikYoussef El-Nesyri
42%
PomocnikAbdelhamid Sabiri
21%
PomocnikAzzedine Ounahi
21%
ObrońcaJawad El Yamiq
21%
PomocnikSelim Amallah
11%
ObrońcaYahia Attat Allah
11%
NapastnikAbde Ezzalzouli
5%
NapastnikAberrazak Hamdallah
5%
ObrońcaAchraf Dari
5%
ObrońcaBadr Benoun
5%
BramkarzAhmed Reda Tagnaouti
0%
NapastnikAmine Harid
0%
PomocnikBilal El Khannouss
0%
NapastnikIlias Chair
0%
BramkarzMunir El Kajoui
0%
NapastnikWalid Cheddira
0%
PomocnikYahya Jabrane
0%
NapastnikZakaria Aboukhlai
0%

Rozkład punktacji

Percentyl według liczby udzielonych odpowiedzi

Procent ludzi z każdym wynikiem

Twoja historia wyników

Nie rozwiązałeś tego quizu